| 000 | 01088nam a2200277 i 4500 | ||
|---|---|---|---|
| 005 | 20230207165329.0 | ||
| 008 | 230207t20222007my dbaog |||| 00| 0 may d | ||
| 020 |
_a9789674306793 _cRM60.00 _qpaperback |
||
| 040 |
_aPPAK _beng _cPPAK _erda |
||
| 082 | 0 | 4 |
_223 _a658.4092 |
| 090 | 0 | 0 |
_a658.4092 _bCOH _dG |
| 100 | 1 |
_aCohen, Ed, _eauthor. |
|
| 245 | 1 | 0 |
_aKEPEMIMPINAN TANPA SEMPADAN : _bSTRATEGI BERKESAN DARIPADA PEMIMPIN TERBAIK DUNIA / _cED COHEN ; Penterjemah Siti Maimon Kamso |
| 246 | 3 | 1 |
_iTranslation of: _aLeadership without borders : _bsuccessful strategies from world-class leaders |
| 264 | 1 |
_aKuala Lumpur : _bINSTITUT TERJEMAHAN & BUKU MALAYSIA BERHAD, _c2022 |
|
| 264 | 4 | _c©2017 | |
| 300 |
_axxvii, 310 pages : _bcharts, maps, illustrations, photographs ; _c23 cm |
||
| 336 |
_atext _2rdacontent |
||
| 337 |
_aunmediated _2rdamedia |
||
| 338 |
_avolume _2rdacarrier |
||
| 500 | _aIncludes index | ||
| 650 | 1 | 0 |
_aLeadership _vCase studies |
| 650 | 2 | 0 |
_aAuthentic leadership _vCase studies |
| 700 | 0 |
_aSiti Maimon Haji Kamso, _d1947- _etranslator. |
|
| 942 |
_2ddc _cB |
||
| 999 |
_c191370 _d191370 |
||